Church and metropolis: (Record no. 9075)

000 -LEADER
fixed length control field 00642nam a2200181 a 4500
001 - CONTROL NUMBER
control field :::00006856$&:&@@
003 - CONTROL NUMBER IDENTIFIER
control field OkBaRHE
005 - DATE AND TIME OF LATEST TRANSACTION
control field 20100401150616.0
008 - FIXED-LENGTH DATA ELEMENTS--GENERAL INFORMATION
fixed length control field s1964 j 000 0 eng u
040 ## - CATALOGING SOURCE
Transcribing agency
100 1# - MAIN ENTRY--PERSONAL NAME
Personal name Norton, Perry L.
245 10 - TITLE STATEMENT
Title Church and metropolis:
Remainder of title a city planner's viewpoint of the slow-changing church in the fast-changing metropolis.
260 ## - PUBLICATION, DISTRIBUTION, ETC. (IMPRINT)
Place of publication, distribution, etc New York, NY., :
Name of publisher, distributor, etc Seabury Press
Date of publication, distribution, etc 1964
300 ## - PHYSICAL DESCRIPTION
Extent 128 p. ;
Dimensions 20 cm.
650 ## - SUBJECT ADDED ENTRY--TOPICAL TERM
Topical term or geographic name as entry element Church Growth
General subdivision Metropolitan
-- Analysis
942 ## - ADDED ENTRY ELEMENTS (KOHA)
Source of classification or shelving scheme
Koha item type Books
Copies
Lost status Koha item type Price effective from Withdrawn status Damaged status Source of classification or shelving scheme Not for loan Barcode Copy number Date last seen Date acquired Shelving location Full call number Permanent Location
 Books2010-04-14    685612010-04-142010-04-14General StacksBV 637 .N6 1964RHEMA Bible Training College